000 00269nam a2200097Ia 4500
082 _aJ 333.7932 MACG
245 0 _aYou, too, can be an electrician
100 _a Macgregor, Neil Cape Town, 2009
_942604
942 _cBK
008 210817s9999 xx 000 0 und d
999 _c144614
_d144613